000 00282nam a22001337a 4500
008 171010b xxu||||| |||| 00| 0 eng d
020 _a9780077521554
041 _aeng
080 _a316
100 _a50
101 _aSOC
245 _aSOCIOLOGY
_cSCHAEFER, R.T
942 _2udc
_cBK
999 _c32826
_d32826